| 000 | 00721nam a2200241 a 4500 | ||
|---|---|---|---|
| 001 | 55317 | ||
| 003 | BD-RjUL | ||
| 005 | 20211209080240.0 | ||
| 008 | 161116r19951986ii a 001 0 eng | ||
| 020 | _a0074518593 | ||
| 035 | _a(BD-RjUL)55439 | ||
| 040 |
_aDLC _cDLC _dDLC _dBD-RjUL _beng |
||
| 041 | _aeng | ||
| 082 | 0 | 0 |
_a005.133 _223 _bRAP 1995 |
| 100 |
_aKumar, Ram _9164809 |
||
| 245 | 0 | 0 |
_aProgramming with Fortran 77 / _c Ram Kumar |
| 260 |
_aNew Delhi : _bTata mcGraw- Hill com , _cc1986 [reprinted 1995] |
||
| 300 |
_a386 p : _bill. ; _c24 cm. |
||
| 500 | _aIncludes index. | ||
| 650 | 0 |
_aFORTRAN 77 (Computer program language) _9164810 |
|
| 740 | 0 | _aProgramming with Fortran seventy-seven. | |
| 942 |
_2ddc _cBK |
||
| 999 |
_c55317 _d55317 |
||